000 00504nam a2200169 i 4500
001 35483
003 ES-MaACL
005 20230906155133.0
007 t|
008 030213q1910 fr ||||1| spa d
080 _a821.134.2(729.5)-92"18/19"
100 1 _aBonafoux, Luis.
_930066
245 1 0 _aClericanallas /
_cLuis Bonafoux.
260 _aParĂ­s :
_bSociedad de Ediciones Literarias,
_c[1910?] (
_fPaul Dupont)
300 _a286 p. ;
_c19 cm.
852 _aES-MaACL
_jD-1385
_z.- Legado M. de la Fuente
999 _c35483
_d35483